Statistics for Countries Closest to Slovenia - 30 Second Sprint

Click here to take the quiz!

General Stats

  • This quiz has been taken 67 times
  • The average score is 10 of 20

Answer Stats

kmcountrymiles% Correct
0Austria0
98%
0Italy0
98%
0Croatia0
96%
0Hungary0
94%
185Serbia115
76%
45Bosnia and
Herzegovina
28
66%
118Germany73
56%
217Czechia135
48%
142Slovakia88
48%
463France287
42%
224Switzerland139
40%
186San Marino115
38%
357Montenegro222
36%
345Poland214
36%
467Albania290
28%
478Kosovo279
28%
283Romania176
24%
406Vatican City252
24%
299Liechtenstein186
16%
468Ukraine291
16%

Score Distribution

Percentile by Number Answered

Percent of People with Each Score

Your Score History

You have not taken this quiz